000
00151 a2200085 4500
041
_a
eng
100
_a
Smith, Wilbur
245
_a
Men of men
942
_c
BK
999
_c
29554
_d
29552